| 000 | 00598nam a22001697a 4500 | ||
|---|---|---|---|
| 003 | CEME | ||
| 005 | 20210628203950.0 | ||
| 008 | 210315b xxu||||| |||| 00| 0 eng d | ||
| 040 | _c. | ||
| 082 | _a355.0 GUL'M | ||
| 100 |
_aMuhammad Sadiq _968058 |
||
| 245 | _aThe gulf war afghanistan , an enviromental tragedy | ||
| 260 |
_aLONDON _bKLUWER ACADEMIC _c1993 |
||
| 300 | _a297P | ||
| 650 |
_aPERSIAN GULF WAR 1991 DESTRUCTION AND PILLAGE OIL WELLS FIRES AND FIRE PREVENTION ENVIRONMENTAL ASPECTS PERSIAN GULF REGION OIL SPILLS ENVIRONMENTAL ASPECTS PERSIAN GULF REGION _968059 |
||
| 942 |
_cBK _2ddc |
||
| 999 |
_c575716 _d575716 |
||